| Tag |
First Indicator |
Second Indicator |
Subfields |
| LEADER |
00000pam a2200000 a 4500 |
| 001 |
in00000088304 |
| 005 |
20151008063130.0 |
| 008 |
810831s1981 dcua b 00000 eng |
| 010 |
|
|
|a 81014873
|
| 020 |
|
|
|a 087590050X
|
| 035 |
|
|
|a (OCoLC)07795682
|
| 035 |
|
|
|9 AAK1643AM
|
| 039 |
0 |
|
|a 2
|b 3
|c 3
|d 3
|e 3
|
| 040 |
|
|
|a DLC
|c DLC
|d TXA
|d UtOrBLW
|
| 049 |
|
|
|a TXAM
|c [985724]
|
| 050 |
0 |
0 |
|a QC971.5
|b P48
|
| 082 |
0 |
|
|a 538/.768
|2 19
|
| 245 |
0 |
0 |
|a Physics of auroral arc formation /
|c S.-I. Akasofu, J.R. Kan, editors.
|
| 264 |
|
1 |
|a Washington, D.C. :
|b American Geophysical Union,
|c 1981.
|
| 300 |
|
|
|a xiii, 465 pages :
|b illustrations (some color) ;
|c 27 cm.
|
| 336 |
|
|
|a text
|b txt
|2 rdacontent
|
| 337 |
|
|
|a unmediated
|b n
|2 rdamedia
|
| 338 |
|
|
|a volume
|b nc
|2 rdacarrier
|
| 490 |
1 |
|
|a Geophysical monograph ;
|v 25
|
| 504 |
|
|
|a Includes bibliographies.
|
| 650 |
|
0 |
|a Auroras.
|
| 700 |
1 |
|
|a Akasofu, Syun-Ichi.
|
| 700 |
1 |
|
|a Kan, J. R.
|
| 710 |
2 |
|
|a American Geophysical Union.
|
| 830 |
|
0 |
|a Geophysical monograph ;
|v 25.
|
| 999 |
|
|
|a MARS
|
| 999 |
f |
f |
|s 8d1a64f8-f815-3a87-8233-17356741d09b
|i 7d419ad6-5f1f-345a-b978-c03fa503af36
|t 0
|
| 952 |
f |
f |
|p ric
|a Texas A&M University
|b Rellis Campus
|c Joint Library Facility
|d Remote Storage
|t 0
|e QC971.5 P48
|h Library of Congress classification
|i unmediated -- volume
|m A14805984086
|
| 998 |
f |
f |
|a QC971.5 P48
|t 0
|l Remote Storage
|